000 00926nas a2200301 4500
001 BR2011001252
003 BR-BrBNA
005 20231205114459.0
007 ta
008 230509b bl.|||p| |||| 00| 00por d
040 _aBR-BrBNA
_bpor
_cBiblioteca Nacional de Agricultura
041 _a(Pt)
072 _aF08
100 1 _aPacheco, L.P.
100 1 _aPires, F.R.
100 1 _aMonteiro, F.P.
100 1 _aProcópio, S.O.
100 1 _aAssis, R.L. de
100 1 _aPetter, F.A.
245 1 _aProfundidade de semeadura e crescimento inicial de espécies forrageiras utilizadas para cobertura do solo
650 _aCAPIM BRACHIARIA
650 _aCAPIM COLONIÃO
650 _aPLANTIO DIRETO
650 _aSEMEADURA
773 0 _tCiência e Agrotecnologia (Brazil)
_xISSN 1413-7054
_g(Sep-Oct 2010), v. 34(5) p. 1211-1218
_wBR2011001252
909 _a202311
_bLúcia
_c55
_dLúcia Elande
942 _2AGRIS
_n0
_cANA
999 _c208967
_d208967